Arte y percepción visual : (Record no. 21499)

MARC details
000 -CABECERA
campo de control de longitud fija 00990nam a2200289 4500
003 - IDENTIFICADOR DEL NÚMERO DE CONTROL
campo de control OSt
005 - FECHA Y HORA DE LA ÚLTIMA TRANSACCIÓN
campo de control 20260601193842.0
008 - DATOS DE LONGITUD FIJA--INFORMACIÓN GENERAL
campo de control de longitud fija 260417b |||||||| |||| 00| 0 eng d
020 ## - NÚMERO INTERNACIONAL ESTÁNDAR DEL LIBRO
Número Internacional Estándar del Libro MX001000253501
040 ## - FUENTE DE LA CATALOGACIÓN
Centro catalogador/agencia de origen ICI
Lengua de catalogación spa
Centro/agencia transcriptor ICI
050 ## - SIGNATURA TOPOGRÁFICA DE LA BIBLIOTECA DEL CONGRESO
Número de clasificación N70
Número de documento/Ítem A6618 1976
100 ## - ENTRADA PRINCIPAL--NOMBRE DE PERSONA
Nombre de persona Arnheim, Rudolf
9 (RLIN) 11703
240 #1 - TÍTULO UNIFORME
Título uniforme Art and visual perception : a psychology of the creative eye. |l Español
245 #1 - MENCIÓN DE TÍTULO
Título Arte y percepción visual :
Resto del título psicología de la visión creadora /
Mención de responsabilidad, etc. Rudolf Arnheim ; traducido por R. Masera
250 ## - MENCIÓN DE EDICIÓN
Mención de edición 7a edición
264 ## - PRODUCCIÓN, PUBLICACIÓN, DISTRIBUCIÓN, FABRICACIÓN Y COPYRIGHT
Nombre del de productor, editor, distribuidor, fabricante EUDEBA,
Fecha de producción, publicación, distribución, fabricación o copyright 1969
Producción, publicación, distribución, fabricación y copyright Buenos Aires :
300 ## - DESCRIPCIÓN FÍSICA
Extensión 410 páginas
Otras características físicas ilustraciones, láminas, fotografías
336 ## - TIPO DE CONTENIDO
Término de tipo de contenido texto
Fuente rdacontent
337 ## - TIPO DE MEDIO
Nombre/término del tipo de medio sin medio
Fuente rdamedia
338 ## - TIPO DE SOPORTE
Nombre/término del tipo de soporte volumen
Fuente rdacarrier
490 ## - MENCIÓN DE SERIE
Mención de serie Temas de Eudeba. Artes visuales
500 ## - NOTA GENERAL
Nota general Reimpresiones: (8a, 1977) -- (10a, 1987)
650 ## - PUNTO DE ACCESO ADICIONAL DE MATERIA--TÉRMINO DE MATERIA
Término de materia o nombre geográfico como elemento de entrada Arte |x Psicología
650 ## - PUNTO DE ACCESO ADICIONAL DE MATERIA--TÉRMINO DE MATERIA
Término de materia o nombre geográfico como elemento de entrada Percepción
700 ## - PUNTO DE ACCESO ADICIONAL--NOMBRE DE PERSONA
Nombre de persona Masera, Rubén
Término indicativo de función/relación traductor
9 (RLIN) 30934
942 ## - ELEMENTOS DE PUNTO DE ACCESO ADICIONAL (KOHA)
Fuente del sistema de clasificación o colocación Dewey Decimal Classification
Tipo de ítem Koha Libros
Holdings
Estado de retiro Estado de pérdida Fuente del sistema de clasificación o colocación Estado dañado No para préstamo Localización permanente Ubicación/localización actual Fecha de adquisición Total de préstamos Signatura topográfica completa Código de barras Fecha visto por última vez Número de copia Precio válido a partir de Tipo de ítem Koha
El ejemplar forma parte de la colección y puede ser consultado según las políticas vigentes.   Library of Congress Classification     Biblioteca de Diseño Museo Franz Mayer Biblioteca de Diseño Museo Franz Mayer 18/04/2026   N70 A6618 1976 BDIMFM000053 18/04/2026 Ej. 1 18/04/2026 Libros